000 00925nam a22003017a 4500
001 8012
003 FISKH
005 20250819115143.0
008 250819b cb ||||| |||| 00| 0 eng d
020 _a9780531071397
040 _aFISKH
_beng
_cFISKH
_dFISKH
050 _aPZ7.P63123 P
082 _a741.642
100 _aPilkey, Dav
_d(1966-)
245 _aThe paperboy /
_cStory and Paintings by Dav Pilkey
250 _aThis edition first published in 2004
260 _aNew York :
_bOrchard,
_c1996
300 _a30 unnumbered pages :
_bcolor illustrations ;
_c26 cm
505 _aN
520 _aA paperboy and his dog enjoy the quiet of the early morning as they go about their rounds.
521 8 _a530
_bLexile
521 8 _aN
_bRaz-Plus
650 _2Community helpers
_aResponsibility
650 _2Paperboy
_aJobs
700 _aPilkey, Dav
_dillustrator
942 _2ddc
_cBK
_n0
999 _c8012
_d8012